000
00242nam a2200097Ia 4500
001
796284
005
20250826170744.0
008
250824s9999 xx 000 0 und d
245
0
_a
MELEKLERİN ATEŞİ
_c
BEAR GRYLLS
260
_b
PORTAKAL YAYINLARI
999
_c
796284
_d
796284